[Event "FRA-ch Accession"]
[Site "Besancon"]
[Date "2006.08.21"]
[Round "6"]
[White "Martinez, Vincent"]
[Black "Gaubil, Olivier"]
[Result "0-1"]
[WhiteElo "2158"]
[BlackElo "2103"]
[PlyCount "141"]
[EventDate "2006.08.15"]
[EventType "swiss"]
[EventRounds "10"]
[EventCountry "FRA"]
[SourceTitle "CBM 113 Extra"]
[Source "ChessBase"]
[SourceDate "2006.09.14"]
[SourceVersion "1"]
[SourceVersionDate "2006.09.14"]
[SourceQuality "1"]

1. d4 Nf6 2. Bg5 e6 3. Nd2 d5 4. e3 h6 5. Bh4 Be7 6. Bd3 c5 7. c3 Qb6 8. Rb1 Bd7 9. Qe2 Qa5 10. a3 c4 11. Bc2 Ba4 12. Bxa4+ Qxa4 13. e4 Nxe4 14. Nxe4 dxe4 15. Bxe7 Kxe7 16. Qxe4 Qc6 17. Qg4 Nd7 18. Nf3 Nf6 19. Qf4 Qe4+ 20. Qxe4 Nxe4 21. Ne5 Rac8 22. f3 Nf6 23. Kd2 Nd5 24. f4 Rhd8 25. Rhf1 f6 26. Ng4 h5 27. Ne3 Nb6 28. Rbe1 Kf7 29. Re2 Rd6 30. Rfe1 g6 31. Kc2 Rc7 32. g3 Nc8 33. h3 Ne7 34. g4 h4 35. Ng2 Nd5 36. Rf1 Rc8 37. Rf3 Rh8 38. Ne3 Nxe3+ 39. Rfxe3 f5 40. g5 Rc8 41. Re5 Rcc6 42. Rb5 Rb6 43. Ree5 Rxb5 44. Rxb5 b6 45. a4 a6 46. Re5 Rd5 47. Re1 Ra5 48. b3 b5 49. Ra1 Ke7 50. bxc4 bxc4 51. Kb2 Rd5 52. Ka3 Rd6 53. Rb1 Rc6 54. Rb7+ Kd6 55. Kb2 Kd5 56. Rg7 Ke4 57. Rxg6 Rd6 58. Rh6 Kxf4 59. g6 Rd8 60. Rxh4+ Kg5 61. Rh7 Kxg6 62. Rb7 f4 63. Kc2 Kf5 64. Rb6 Rh8 65. Rxa6 Rxh3 66. Ra5+ Kg4 67. Re5 Rh2+ 68. Kd1 Ra2 69. a5 f3 70. Ke1 f2+ 71. Kf1 0-1

[Event "FRA-ch Accession"]
[Site "Besancon"]
[Date "2006.08.15"]
[Round "1"]
[White "Martinez, Vincent"]
[Black "Guilbert, Jean Louis"]
[Result "1-0"]
[WhiteElo "2158"]
[BlackElo "2042"]
[PlyCount "71"]
[EventDate "2006.08.15"]
[EventType "swiss"]
[EventRounds "10"]
[EventCountry "FRA"]
[SourceTitle "CBM 113 Extra"]
[Source "ChessBase"]
[SourceDate "2006.09.14"]
[SourceVersion "1"]
[SourceVersionDate "2006.09.14"]
[SourceQuality "1"]

1. d4 d5 2. Nf3 c5 3. c3 Nc6 4. Bf4 Qb6 5. Qb3 c4 6. Qxb6 axb6 7. Na3 Bd7 8. Nb5 Ra5 9. Nc7+ Kd8 10. e4 dxe4 11. Nd2 e5 12. dxe5 Nxe5 13. b4 cxb3 14. Nxb3 Kxc7 15. Nxa5 Bd6 16. Nb3 Nf6 17. Be2 Nf3+ 18. Bxf3 Bxf4 19. Be2 Nd5 20. 0-0 Rc8 21. Bc4 Nxc3 22. Bxf7 Bb5 23. Rfe1 g6 24. Nd4 Bd7 25. Ne6+ Bxe6 26. Bxe6 Re8 27. Bf7 Re7 28. Bg8 Kd6 29. g3 Bh6 30. a4 Kc5 31. a5 Bd2 32. Rf1 Ne2+ 33. Kg2 bxa5 34. Ra2 Rd7 35. Rd1 Nc3 36. Rc2 1-0

[Event "Biel MTO op"]
[Site "Biel"]
[Date "2006.07.24"]
[Round "1"]
[White "Martinez, Vincent"]
[Black "Pavlovic, Milos"]
[Result "0-1"]
[WhiteElo "2158"]
[BlackElo "2497"]
[PlyCount "55"]
[EventDate "2006.07.24"]
[EventType "swiss"]
[EventRounds "11"]
[EventCountry "SUI"]
[SourceTitle "CBM 113 Extra"]
[Source "ChessBase"]
[SourceDate "2006.09.14"]
[SourceVersion "1"]
[SourceVersionDate "2006.09.14"]
[SourceQuality "1"]

1. d4 Nf6 2. Bg5 e6 3. Nd2 c5 4. e3 cxd4 5. exd4 Be7 6. Ngf3 Nc6 7. c3 0-0 8. Bd3 Nd5 9. Bxe7 Ncxe7 10. Qc2 f5 11. g4 b5 12. Rg1 a6 13. 0-0-0 Bb7 14. gxf5 Nxf5 15. Rg5 Nb4 16. Qb1 Bxf3 17. Nxf3 Qc7 18. Ne5 d6 19. Bxf5 exf5 20. Nd3 Nd5 21. Rdg1 Rf7 22. Qc2 Re8 23. Qb3 Qc4 24. Qxc4 bxc4 25. Re1 Rb8 26. Nb4 Nf4 27. Re3 h6 28. Rg6 0-1

[Event "FRA-chT3 0405"]
[Site "France"]
[Date "2005.04.03"]
[Round "9"]
[White "Martinez, Vincent"]
[Black "Lemasle, Raphael"]
[Result "1/2-1/2"]
[WhiteElo "2167"]
[BlackElo "2097"]
[PlyCount "80"]
[EventDate "2004.10.10"]
[EventType "team"]
[EventRounds "9"]
[EventCountry "FRA"]
[SourceTitle "EXT 2007"]
[Source "ChessBase"]
[SourceDate "2006.11.23"]
[SourceVersion "1"]
[SourceVersionDate "2006.11.23"]
[SourceQuality "1"]

1. d4 Nf6 2. Nf3 g6 3. Bf4 Bg7 4. e3 d6 5. h3 0-0 6. Be2 c5 7. c3 cxd4 8. exd4 Nfd7 9. Nbd2 e5 10. Bh2 Nc6 11. 0-0 Re8 12. dxe5 Ndxe5 13. Nc4 d5 14. Ncxe5 Nxe5 15. Nxe5 Bxe5 16. Bxe5 Rxe5 17. Bf3 Qg5 18. Kh2 Bf5 19. Qd4 Be4 20. Bxe4 Rxe4 21. Qc5 Re2 22. Qb5 Qe5+ 23. Kg1 Rd8 24. Rad1 Qe7 25. Rd4 Rd6 26. Qb4 a5 27. Qxa5 Rxb2 28. Rxd5 Ra6 29. Rd8+ Kg7 30. Qd5 Rbxa2 31. Rd7 Qf6 32. Rxb7 Rxf2 33. Rxf2 Ra1+ 34. Kh2 Qxf2 35. Qd4+ Qxd4 36. cxd4 Rd1 37. Rd7 Kf6 38. Kg3 Ke6 39. Rd8 h5 40. Kf3 Ke7 1/2-1/2

[Event "FRA-chT3 0405"]
[Site "France"]
[Date "2005.01.09"]
[Round "5"]
[White "Ragot, Nicolas"]
[Black "Martinez, Vincent"]
[Result "1-0"]
[WhiteElo "2143"]
[BlackElo "2167"]
[PlyCount "102"]
[EventDate "2004.10.10"]
[EventType "team"]
[EventRounds "9"]
[EventCountry "FRA"]
[SourceTitle "EXT 2007"]
[Source "ChessBase"]
[SourceDate "2006.11.23"]
[SourceVersion "1"]
[SourceVersionDate "2006.11.23"]
[SourceQuality "1"]

1. c4 c6 2. g3 d5 3. Bg2 Nf6 4. Nf3 Bg4 5. 0-0 e6 6. b3 Nbd7 7. Bb2 Be7 8. d3 0-0 9. Nbd2 a5 10. e4 Nc5 11. e5 Nfd7 12. d4 Ne4 13. h3 Nxd2 14. Qxd2 Bxf3 15. Bxf3 dxc4 16. bxc4 Nxe5 17. Be2 Nd7 18. Rfd1 Nf6 19. Rab1 Rb8 20. Bf3 Qc7 21. Bc3 a4 22. Ba5 b6 23. Rxb6 Rxb6 24. c5 Rb2 25. Bxc7 Rxd2 26. Rxd2 Nd5 27. Bxd5 exd5 28. Rb2 Bf6 29. Rb4 Ra8 30. a3 Kf8 31. f4 Ke8 32. Kf2 g6 33. Bd6 Bd8 34. Ke3 Kd7 35. Rb7+ Ke6 36. g4 h5 37. Kd3 hxg4 38. hxg4 Ra5 39. Kc3 Bh4 40. Kd3 Rb5 41. Rc7 Rb3+ 42. Kc2 Rxa3 43. Rxc6 Be1 44. f5+ gxf5 45. Be5+ Ke7 46. gxf5 Rc3+ 47. Kd1 Bf2 48. f6+ Ke8 49. Ke2 Bg1 50. Ra6 a3 51. c6 a2 1-0

[Event "FRA-chT3 Gr5 0203"]
[Site "France"]
[Date "2002.11.16"]
[Round "2"]
[White "Martinez, Vincent"]
[Black "Ferrandi, Bernard"]
[Result "1/2-1/2"]
[WhiteElo "2162"]
[BlackElo "2044"]
[PlyCount "42"]
[EventDate "2002.12.09"]
[EventType "team"]
[EventRounds "9"]
[EventCountry "FRA"]
[SourceTitle "EXT 2004"]
[Source "ChessBase"]
[SourceDate "2003.11.25"]
[SourceVersion "1"]
[SourceVersionDate "2003.11.25"]
[SourceQuality "1"]

1. Nf3 Nf6 2. g3 Nc6 3. d4 d5 4. Bg2 Bf5 5. 0-0 Qd7 6. Re1 0-0-0 7. c3 h6 8. Nbd2 g5 9. b4 Ne4 10. Nxe4 dxe4 11. Nd2 Nxd4 12. cxd4 Qxd4 13. Qa4 Qxa1 14. Qxa7 Qc3 15. Qa8+ Kd7 16. Qxb7 Ke8 17. Bxe4 Bxe4 18. Qxe4 Rxd2 19. Bxd2 Qxd2 20. Qc6+ Qd7 21. Qa8+ Qd8 1/2-1/2

[Event "FRA-chB"]
[Site "Meribel"]
[Date "1998.??.??"]
[Round "6"]
[White "Brunner, Nicolas"]
[Black "Martinez, Vincent"]
[Result "1/2-1/2"]
[WhiteElo "1830"]
[BlackElo "2220"]
[PlyCount "149"]
[EventDate "1998.08.??"]
[EventType "swiss"]
[EventRounds "10"]
[EventCountry "FRA"]
[SourceTitle "EXT 2021"]
[Source "ChessBase"]
[SourceDate "2020.10.23"]
[SourceVersion "1"]
[SourceVersionDate "2020.10.23"]
[SourceQuality "1"]

1. e4 c6 2. d4 d5 3. exd5 cxd5 4. Bd3 Nc6 5. c3 Qc7 6. f4 Nf6 7. Nf3 Bg4 8. 0-0 e6 9. Qc2 Rc8 10. Qf2 Bxf3 11. Qxf3 g6 12. Qf2 a6 13. Qh4 Bg7 14. Na3 b5 15. Nc2 Qb6 16. Be3 Na5 17. Qg3 Nc4 18. Bc1 Nd6 19. Qf3 Nfe4 20. g4 h5 21. h3 hxg4 22. hxg4 Qd8 23. g5 Qd7 24. Re1 Rh5 25. Re2 Ke7 26. Rh2 Rch8 27. Rxh5 Rxh5 28. Be3 Qe8 29. Bf1 Nf5 30. Bf2 Qh8 31. Bg2 f6 32. gxf6+ Bxf6 33. Ne3 Nh4 34. Bxh4 Bxh4 35. Ng4 Bf6 36. Nxf6 Qxf6 37. Re1 Qh4 38. Rxe4 dxe4 39. Qxe4 Rf5 40. Qe2 Qxf4 41. Qe1 Kd6 42. b3 g5 43. a4 g4 44. axb5 axb5 45. Qh4 Rf8 46. Qh5 Qf2+ 47. Kh1 Qf5 48. Qh2+ Kd7 49. Qh6 Rf7 50. Qe3 g3 51. Qxg3 Qb1+ 52. Kh2 Rh7+ 53. Bh3 Qxb3 54. Qf3 Qc2+ 55. Kg3 Qg6+ 56. Bg4 Kc7 57. Qf4+ Kb7 58. Qf3+ Kb6 59. Qe3 Qh6 60. Qxh6 Rxh6 61. Kf3 Kc6 62. Ke3 Kd5 63. Kd3 Rf6 64. Bh5 b4 65. Bd1 bxc3 66. Kxc3 Ke4 67. Bc2+ Ke3 68. Bb3 Rh6 69. Ba2 Ke2 70. Bc4+ Ke1 71. Kb4 Kd2 72. Kc5 Kc3 73. Ba2 Rg6 74. Kd6 Kxd4 75. Bxe6 1/2-1/2